Movies Quiz

Random Movies or Cast Quiz

Who Was Top Billed? IV Quiz Stats

 Plays Quiz Updated May 3, 2018

Challenge
Share
Tweet
Embed
Score 0/20 Timer 05:00
9 Plays Today
Question Answer Wrong Answers
Pirates of the Caribbean: The Curse of the Black Pearl Johnny Depp
95.9%
Geoffrey Rush
0.4%
Orlando Bloom
1.3%
Keira Knightley
0.3%
Back to the Future Michael J. Fox
91.4%
Christopher Lloyd
5.8%
Lea Thompson
0.2%
Crispin Glover
0.3%
Independence Day Will Smith
89.9%
Bill Pullman
3.5%
Jeff Goldblum
4.2%
Mary McDonnell
0.2%
The Dark Knight Christian Bale
83.2%
Aaron Eckhart
0.2%
Heath Ledger
12.8%
Michael Caine
1.4%
Funny People Adam Sandler
80.7%
Seth Rogen
13.2%
Leslie Mann
1.9%
Eric Bana
2.4%
The Hurt Locker Jeremy Renner
80.2%
Anthony Mackie
3%
Brian Geraghty
2.1%
Guy Pearce
12.8%
Mars Attacks! Jack Nicholson
79.6%
Glenn Close
6.2%
Pierce Brosnan
10.6%
Annette Bening
3.3%
Hairspray John Travolta
79.3%
Michelle Pfeiffer
5.1%
Christopher Walken
3.7%
Nikki Blonsky
9.9%
The Grand Budapest Hotel Ralph Fiennes
75.7%
Tony Revolori
1.2%
F. Murray Abraham
4.3%
Bill Murray
18.8%
A League of Their Own Tom Hanks
72.9%
Madonna
8%
Lori Petty
0.6%
Geena Davis
17%
The Rocky Horror Picture Show Tim Curry
72.9%
Susan Sarandon
14.1%
Barry Bostwick
5.4%
Richard O'Brien
5.6%
It's a Mad, Mad, Mad, Mad World Spencer Tracy
60.5%
Milton Berle
14.5%
Sid Caesar
15%
Buddy Hackett
9.2%
The Girl With the Dragon Tattoo Daniel Craig
59.9%
Rooney Mara
28.5%
Stellan Skarsgard
6.6%
Christopher Plummer
2.8%
X-Men Hugh Jackman
59.2%
Famke Janssen
0.2%
Patrick Stewart
33.3%
Ian McKellen
6.5%
Straight Outta Compton O'Shea Jackson, Jr.
58.7%
Corey Hawkins
17.9%
Jason Mitchell
11.5%
Neil Brown, Jr.
10.4%
Scooby-Doo Freddie Prinze, Jr.
57.8%
Linda Cardellini
0.7%
Sarah Michelle Gellar
35.2%
Matthew Lillard
5.1%
Million Dollar Baby Clint Eastwood
56.2%
Hilary Swank
34.1%
Morgan Freeman
7.1%
Jay Baruchel
0.2%
Glengarry Glen Ross Al Pacino
52.5%
Alan Arkin
5.4%
Alec Baldwin
24.4%
Jack Lemmon
16.7%
Black Hawk Down Josh Hartnett
50.4%
Ewan McGregor
32.2%
Tom Sizemore
6.6%
Eric Bana
9.2%
Dreamgirls Jamie Foxx
28.2%
Eddie Murphy
25%
Beyonce Knowles
44.2%
Danny Glover
1.4%

You're not logged in!

Compare scores with friends on all Sporcle quizzes.
Join for Free
OR
Log In

You Might Also Like...

Show Comments

Extras

Top Quizzes Today


Score Distribution

Your Account Isn't Verified!

In order to create a playlist on Sporcle, you need to verify the email address you used during registration. Go to your Sporcle Settings to finish the process.

Report this User

Report this user for behavior that violates our Community Guidelines.

Details: